[Event "XV C.to Mondiale Seniores Over 65"]
[Site "Acqui Terme ITA"]
[Date "2015.11.11"]
[Round "2"]
[White "Valenti, Giuseppe"]
[Black "Butnorius, Algimantas"]
[WhiteElo "2097"]
[BlackElo "2360"]
[Result "1/2-1/2"]
[PlyCount "91"]
[EventDate "2015.11.10"]

1. e4 e5 2. Nf3 Nc6 3. Bb5 a6 4. Ba4 Nf6 5. d3 d6 6. c3 Be7 7. O-O O-O 8. Re1
b5 9. Bc2 Re8 10. Nbd2 Bf8 11. Nf1 g6 12. h3 Bg7 13. Ng3 Bb7 14. d4 Qe7 15. d5
Nb8 16. a4 Nbd7 17. axb5 axb5 18. Rxa8 Rxa8 19. Bd3 c6 20. dxc6 Bxc6 21. Qe2
Rb8 22. b4 Nf8 23. Be3 Ne6 24. Ra1 h6 25. Ra5 Qe8 26. Qd2 Kh7 27. Bc2 Qd7 28.
Ra7 Rb7 29. Ra6 Nc7 30. Ra3 Qe7 31. Nh4 Bd7 32. f4 exf4 33. Bxf4 Nce8 34. Nf3
Bc6 35. e5 dxe5 36. Nxe5 Bd5 37. Ra1 Ra7 38. Re1 Qb7 39. Bb1 Ra6 40. Nd3 Ra8
41. Nc5 Qc6 42. Be5 Nd6 43. Bd4 Nc4 44. Qf2 Kg8 45. Bd3 Ne8 46. Be4 1/2-1/2

[Event "XV C.to Mondiale Seniores Over 65"]
[Site "Acqui Terme ITA"]
[Date "2015.11.11"]
[Round "2"]
[White "Zhelnin, Vladimir V"]
[Black "Ashby, Anthony C"]
[WhiteElo "2469"]
[BlackElo "2114"]
[Result "1-0"]
[PlyCount "73"]
[EventDate "2015.11.10"]

1. e4 e6 2. d4 d5 3. Nc3 Bb4 4. e5 c5 5. Bd2 Nh6 6. Nb5 Bxd2+ 7. Qxd2 O-O 8.
dxc5 Nc6 9. Nf3 b6 10. Qc3 Bd7 11. Bd3 bxc5 12. Qxc5 Ng4 13. O-O Ncxe5 14. Nxe5
Nxe5 15. Be2 Qb6 16. Qxb6 axb6 17. Rfd1 Rfc8 18. c3 Kf8 19. a3 Ke7 20. f4 Nc6
21. c4 dxc4 22. Nd6 Rcb8 23. Nxf7 b5 24. Ng5 h6 25. Ne4 Na5 26. Nc5 Bc6 27. Bg4
Rd8 28. Nxe6 Rxd1+ 29. Rxd1 Kf7 30. Nd8+ Kf8 31. Nxc6 Nxc6 32. Rd6 Ne7 33. Be6
Rb8 34. Kf2 g6 35. g4 b4 36. Bxc4 bxa3 37. bxa3 1-0

[Event "XV C.to Mondiale Seniores Over 65"]
[Site "Acqui Terme ITA"]
[Date "2015.11.12"]
[Round "3"]
[White "Bogdanov, Valentin"]
[Black "Farrand, Julian T"]
[WhiteElo "2374"]
[BlackElo "2018"]
[Result "1-0"]
[PlyCount "75"]
[EventDate "2015.11.10"]

1. d4 d6 2. Nf3 f5 3. Nc3 Nf6 4. Bg5 Nbd7 5. Qd3 g6 6. e4 fxe4 7. Nxe4 Bg7 8.
O-O-O Nxe4 9. Qxe4 Nf6 10. Qh4 h6 11. Bxf6 Bxf6 12. Qg3 Bf5 13. Nh4 Bxh4 14.
Qxh4 Qd7 15. d5 O-O-O 16. Qb4 c5 17. Qb3 e5 18. dxe6 Bxe6 19. Bc4 d5 20. Qe3
Qc6 21. Bd3 g5 22. Rhe1 Bg4 23. f3 Rhe8 24. Qf2 Bd7 25. c3 Kb8 26. h4 Qc7 27.
Kb1 b6 28. Bg6 Rxe1 29. Qxe1 Qd6 30. h5 Bc6 31. Rd2 Bb5 32. Bf7 d4 33. c4 Bd7
34. Bg6 Qf4 35. Kc1 Bf5 36. g3 Qxf3 37. Qe5+ Ka8 38. Bxf5 1-0

[Event "XV C.to Mondiale Seniores Over 65"]
[Site "Acqui Terme ITA"]
[Date "2015.11.12"]
[Round "3"]
[White "Gutkin, Boris"]
[Black "Zhelnin, Vladimir V"]
[WhiteElo "2311"]
[BlackElo "2469"]
[Result "1/2-1/2"]
[PlyCount "67"]
[EventDate "2015.11.10"]

1. Nf3 Nf6 2. c4 g6 3. g3 Bg7 4. Bg2 O-O 5. O-O d6 6. Nc3 Nbd7 7. d4 e5 8. Qc2
c6 9. Rd1 Qe7 10. b3 Re8 11. e4 exd4 12. Nxd4 Nc5 13. Bb2 a5 14. Re1 h5 15.
Rad1 h4 16. Bc1 hxg3 17. hxg3 Ng4 18. f3 Ne5 19. Be3 a4 20. Nce2 axb3 21. axb3
f5 22. Nc3 fxe4 23. Nxe4 Nxf3+ 24. Bxf3 Nxe4 25. Bf4 d5 26. cxd5 cxd5 27. Nb5
Be6 28. Bxe4 dxe4 29. Rxe4 Rac8 30. Qf2 Qc5 31. Qxc5 Rxc5 32. Nd6 Re7 33. Rde1
g5 34. Rxe6 1/2-1/2

[Event "XV C.to Mondiale Seniores Over 65"]
[Site "Acqui Terme ITA"]
[Date "2015.11.12"]
[Round "3"]
[White "Iudicello, Giovanni"]
[Black "Pushkov, Nikolai"]
[WhiteElo "2151"]
[BlackElo "2317"]
[Result "0-1"]
[PlyCount "102"]
[EventDate "2015.11.10"]

1. e4 e6 2. d3 c5 3. Nf3 Nc6 4. g3 g6 5. Bg2 Bg7 6. O-O Nge7 7. c3 O-O 8. Be3
d6 9. Qd2 e5 10. Na3 f5 11. Bh6 f4 12. Bxg7 Kxg7 13. d4 cxd4 14. cxd4 Bg4 15.
dxe5 dxe5 16. Qxd8 Raxd8 17. Nc4 Bxf3 18. Bxf3 b5 19. Na3 Nd4 20. Bd1 Rc8 21.
Bg4 Rcd8 22. Bd1 Nec6 23. f3 Nb4 24. g4 Rc8 25. Rf2 Rc5 26. Rd2 Rfc8 27. Kf2
Rc1 28. Rxc1 Rxc1 29. h3 Kf6 30. Kg2 Kg5 31. Bb3 a6 32. Bg8 h6 33. Bf7 Re1 34.
Bb3 Re3 35. Bd1 Nd3 36. Nc2 Nxc2 37. Bxc2 Ne1+ 38. Kf2 Nxf3 39. Rd5 Nd4 40. Bd1
Rxe4 41. Rd6 h5 42. Rxa6 hxg4 43. Bxg4 Re3 44. b4 Rd3 45. a4 bxa4 46. Rxa4 e4
47. b5 e3+ 48. Kf1 Rd2 49. b6 f3 50. Bxf3 Nxf3 51. Re4 Rf2# 0-1

[Event "XV C.to Mondiale Seniores Over 65"]
[Site "Acqui Terme ITA"]
[Date "2015.11.12"]
[Round "3"]
[White "Kupreichik, Viktor D"]
[Black "Aparicio, Anibal"]
[WhiteElo "2369"]
[BlackElo "2221"]
[Result "1-0"]
[PlyCount "110"]
[EventDate "2015.11.10"]

1. e4 e6 2. d4 d5 3. e5 c5 4. c3 Bd7 5. Bd3 cxd4 6. cxd4 Qb6 7. Ne2 Nc6 8. a3
f6 9. exf6 Nxf6 10. Nbc3 Bd6 11. O-O O-O 12. h3 Rf7 13. Be3 Raf8 14. b4 Bc8 15.
Rc1 Qd8 16. Qc2 Kh8 17. f4 g6 18. Rf3 Rg8 19. Rcf1 Bf8 20. Bf2 Ne8 21. Re1 Bg7
22. Bb5 Rc7 23. Qd2 Nd6 24. Nc1 a6 25. Bxc6 Rxc6 26. Nd3 Nc4 27. Qa2 Rf8 28. a4
Rc7 29. a5 Nxa5 30. Nxd5 Qxd5 31. Qxa5 Rc4 32. Ne5 Rc2 33. Qa3 b5 34. Rc1 Ra2
35. Qc3 Bb7 36. Qc7 Kg8 37. Rc5 Qe4 38. Qe7 Ra1+ 39. Kh2 Bf6 40. Qxe6+ Kh8 41.
Rc7 Qd5 42. Qd7 Qxd7 43. Nxd7 Bxf3 44. Nxf8 Ra2 45. Kg3 Bxg2 46. Nxh7 Bg7 47.
Ng5 Bd5 48. Rc8+ Bg8 49. d5 Rd2 50. d6 Bf6 51. Ne4 Rd3+ 52. Kg4 Bb2 53. Bh4 Kg7
54. Rc7+ Kf8 55. Nc5 Rxd6 1-0

[Event "XV C.to Mondiale Seniores Over 65"]
[Site "Acqui Terme ITA"]
[Date "2015.11.12"]
[Round "3"]
[White "Leskovar, Mario"]
[Black "Harandi, Khosro"]
[WhiteElo "2298"]
[BlackElo "2366"]
[Result "1/2-1/2"]
[PlyCount "54"]
[EventDate "2015.11.10"]

1. e4 e5 2. Nf3 Nc6 3. Bb5 a6 4. Ba4 Nf6 5. d4 exd4 6. O-O Be7 7. Re1 b5 8. e5
Nxe5 9. Rxe5 d6 10. Re1 bxa4 11. Nxd4 Bd7 12. Qf3 O-O 13. Nc6 Bxc6 14. Qxc6 d5
15. Qxa4 Bc5 16. Nc3 Rb8 17. a3 Re8 18. Bg5 Rxe1+ 19. Rxe1 h6 20. Bc1 Qc8 21.
Qc6 Bd4 22. Nxd5 Nxd5 23. Qxd5 Bxb2 24. Bxb2 Rxb2 25. Qd3 Rb6 26. g3 Rd6 27.
Qf3 Qd7 1/2-1/2

[Event "XV C.to Mondiale Seniores Over 65"]
[Site "Acqui Terme ITA"]
[Date "2015.11.12"]
[Round "3"]
[White "Micheli, Carlo"]
[Black "Birnboim, Nathan"]
[WhiteElo "2279"]
[BlackElo "2360"]
[Result "0-1"]
[PlyCount "90"]
[EventDate "2015.11.10"]

1. e4 c5 2. Nf3 Nc6 3. d4 cxd4 4. Nxd4 Nf6 5. Nc3 e5 6. Ndb5 d6 7. Nd5 Nxd5 8.
exd5 Nb8 9. c4 Be7 10. Be2 O-O 11. O-O Nd7 12. Be3 a6 13. Nc3 f5 14. f3 Bg5 15.
Bf2 b6 16. b4 Rb8 17. Bd3 e4 18. fxe4 f4 19. Ne2 f3 20. gxf3 Rxf3 21. Bd4 Rxf1+
22. Qxf1 Qe7 23. Ng3 g6 24. Be2 Bf6 25. Bxf6 Nxf6 26. Qf4 Nd7 27. Rf1 Kg7 28.
h4 Qf6 29. Qg5 Qxg5 30. hxg5 Ne5 31. Rf6 Nf7 32. e5 dxe5 33. Rc6 Nxg5 34. Rc7+
Kf6 35. c5 bxc5 36. bxc5 Bf5 37. Rc6+ Ke7 38. Rxa6 Nh3+ 39. Kg2 Nf4+ 40. Kf3
Nxd5 41. Ra7+ Kf6 42. Rxh7 Rc8 43. Bc4 Rxc5 44. Bb3 Rc3+ 45. Kf2 Nf4 0-1

[Event "XV C.to Mondiale Seniores Over 65"]
[Site "Acqui Terme ITA"]
[Date "2015.11.12"]
[Round "3"]
[White "Okhotnik, Vladimir"]
[Black "Kierzek, Matthias"]
[WhiteElo "2442"]
[BlackElo "2234"]
[Result "1-0"]
[PlyCount "81"]
[EventDate "2015.11.10"]

1. e4 c6 2. d4 d5 3. exd5 cxd5 4. Bd3 Nc6 5. c3 Qc7 6. Ne2 Bg4 7. O-O e6 8. Qe1
Bxe2 9. Qxe2 Nf6 10. Bg5 Bd6 11. h3 a6 12. Nd2 Rc8 13. Nf3 h6 14. Bxf6 gxf6 15.
Rac1 Bf4 16. Rcd1 h5 17. c4 Ne7 18. b3 Kf8 19. g3 Bh6 20. Nh4 Bg5 21. Ng2 f5
22. Qf3 Rd8 23. h4 Bh6 24. Rfe1 Kg7 25. Bf1 Nc6 26. Qc3 Ne7 27. Be2 f4 28. Bxh5
fxg3 29. fxg3 Nf5 30. Re5 f6 31. Rxe6 Nxg3 32. Re7+ Qxe7 33. Qxg3+ Kf8 34. Re1
Qd7 35. Qg6 Bg7 36. Nf4 dxc4 37. Ne6+ Kg8 38. Nxd8 Qxd4+ 39. Kg2 Qd2+ 40. Re2
Qd5+ 41. Bf3 1-0

[Event "XV C.to Mondiale Seniores Over 65"]
[Site "Acqui Terme ITA"]
[Date "2015.11.12"]
[Round "3"]
[White "Pritchett, Craig W"]
[Black "Harestad, Thor Geir"]
[WhiteElo "2334"]
[BlackElo "2209"]
[Result "1-0"]
[PlyCount "97"]
[EventDate "2015.11.10"]

1. Nf3 Nf6 2. c4 g6 3. Nc3 Bg7 4. e4 d6 5. d4 O-O 6. Be2 e5 7. O-O Nc6 8. d5
Ne7 9. Ne1 Nd7 10. Be3 f5 11. f3 Nf6 12. c5 Nh5 13. Nd3 f4 14. Bf2 g5 15. Rc1
Bd7 16. Qb3 b6 17. cxd6 cxd6 18. Nb5 Bxb5 19. Qxb5 Nf6 20. Rc4 Nd7 21. Nb4 Nc5
22. Na6 Bf6 23. b4 Nxa6 24. Qxa6 Qd7 25. Rfc1 Rfc8 26. a4 Rxc4 27. Rxc4 Rc8 28.
Rxc8+ Nxc8 29. Bb5 Qc7 30. Bc6 Bd8 31. Qb7 Kf8 32. Kf1 Ne7 33. Qxc7 Bxc7 34.
Bd7 h6 35. Ke2 Ng6 36. Kd3 Ne7 37. Kc4 a6 38. g3 fxg3 39. hxg3 Kf7 40. Be3 Kf6
41. Kc3 Kf7 42. Bh3 Kf6 43. Bf1 a5 44. bxa5 bxa5 45. Kc4 h5 46. Kb5 Nc8 47. Kc6
Bd8 48. Bh3 Ne7+ 49. Kd7 1-0

[Event "XV C.to Mondiale Seniores Over 65"]
[Site "Acqui Terme ITA"]
[Date "2015.11.12"]
[Round "3"]
[White "Shvedchikov, Anatoli I"]
[Black "Balashov, Yuri S"]
[WhiteElo "2310"]
[BlackElo "2418"]
[Result "1/2-1/2"]
[PlyCount "27"]
[EventDate "2015.11.10"]

1. d4 Nf6 2. Nf3 g6 3. Bf4 d6 4. h3 Bg7 5. e3 O-O 6. c3 c5 7. Nbd2 b6 8. Be2
Ba6 9. Bxa6 Nxa6 10. a4 Nc7 11. O-O Qd7 12. Qe2 Qc6 13. Rfe1 Ne4 14. Nxe4
1/2-1/2

[Event "XV C.to Mondiale Seniores Over 65"]
[Site "Acqui Terme ITA"]
[Date "2015.11.12"]
[Round "3"]
[White "Titz, Heimo"]
[Black "Werner, Clemens"]
[WhiteElo "2162"]
[BlackElo "2329"]
[Result "1/2-1/2"]
[PlyCount "160"]
[EventDate "2015.11.10"]

1. c4 e5 2. g3 c6 3. d4 exd4 4. Qxd4 d5 5. cxd5 cxd5 6. Nf3 Nc6 7. Qa4 Nf6 8.
Bg2 Bc5 9. O-O O-O 10. Bg5 h6 11. Bxf6 Qxf6 12. Nc3 Be6 13. Rad1 Rfd8 14. Qb5
Qe7 15. Na4 Bd6 16. a3 Rd7 17. Rc1 Rad8 18. Nc5 Bxc5 19. Qxc5 Bf5 20. e3 Qf6
21. Qc3 Qxc3 22. Rxc3 Be4 23. Rd1 Kf8 24. Nd4 Nxd4 25. Rxd4 Bxg2 26. Kxg2 Ke7
27. Kf3 Ke6 28. h4 Rd6 29. Rc7 R6d7 30. Rc5 Rd6 31. b4 Rc6 32. Rxc6+ bxc6 33.
e4 f5 34. exf5+ Kxf5 35. Rf4+ Ke6 36. Ke3 g5 37. hxg5 hxg5 38. Rf3 a5 39. Kd4
axb4 40. axb4 Rb8 41. Kc5 Rb5+ 42. Kxc6 Rxb4 43. Re3+ Re4 44. Rd3 Rc4+ 45. Kb5
Rc2 46. f4 g4 47. Re3+ Kd6 48. Kb4 Rf2 49. Kc3 Kc5 50. Kd3 Rg2 51. f5 Rf2 52.
f6 Rxf6 53. Ke2 Ra6 54. Re5 Ra3 55. Kf2 Kd4 56. Rg5 Ra2+ 57. Kg1 Ke4 58. Rxg4+
Ke3 59. Rg8 d4 60. Re8+ Kf3 61. Rf8+ Ke3 62. Re8+ Kd2 63. g4 d3 64. Kf2 Kc1+
65. Kf3 d2 66. Rd8 d1=Q+ 67. Rxd1+ Kxd1 68. Kf4 Ke2 69. g5 Kd3 70. Ke5 Ra5+ 71.
Kf6 Ra6+ 72. Kf5 Ra5+ 73. Kf6 Ke4 74. g6 Ra6+ 75. Kf7 Kf5 76. g7 Ra7+ 77. Kg8
Ra1 78. Kf7 Ra7+ 79. Kg8 Kg6 80. Kh8 Rxg7 1/2-1/2

[Event "XV C.to Mondiale Seniores Over 65"]
[Site "Acqui Terme ITA"]
[Date "2015.11.12"]
[Round "3"]
[White "Vaisser, Anatoly"]
[Black "Giffard, Nicolas"]
[WhiteElo "2505"]
[BlackElo "2303"]
[Result "1-0"]
[PlyCount "67"]
[EventDate "2015.11.10"]

1. d4 d5 2. Bf4 Nf6 3. e3 e6 4. Nd2 c5 5. c3 Nc6 6. Ngf3 Bd6 7. Bg3 O-O 8. Bd3
Re8 9. Ne5 Bxe5 10. dxe5 Nd7 11. Nf3 h6 12. Bc2 c4 13. O-O Qc7 14. e4 dxe4 15.
Bxe4 Nc5 16. Bc2 Rd8 17. Qe2 b5 18. a4 Ba6 19. axb5 Bxb5 20. b3 a5 21. bxc4 Ba6
22. Bf4 Bb7 23. Qe3 Ne7 24. Nd4 Ng6 25. Bg3 a4 26. Nb5 Qc6 27. f3 Nb3 28. Rad1
Qxc4 29. Nd6 Qa6 30. Bd3 Rxd6 31. exd6 Qa5 32. Bxg6 fxg6 33. Qxe6+ Kh7 34. d7
1-0

[Event "XV C.to Mondiale Seniores Over 65"]
[Site "Acqui Terme ITA"]
[Date "2015.11.12"]
[Round "3"]
[White "Vasiukov, Evgeni"]
[Black "Trois, Francisco R.T"]
[WhiteElo "2392"]
[BlackElo "2230"]
[Result "1-0"]
[PlyCount "69"]
[EventDate "2015.11.10"]

1. e4 c6 2. d4 d5 3. e5 Bf5 4. h4 h6 5. c4 e6 6. Nc3 Ne7 7. g4 Bh7 8. h5 dxc4
9. Bxc4 Nd7 10. f4 Nb6 11. Bb3 Qd7 12. Nf3 Ned5 13. Kf2 a5 14. Bc2 Bxc2 15.
Qxc2 c5 16. Rd1 cxd4 17. Nxd4 Nxc3 18. bxc3 Bc5 19. Kg3 O-O 20. a4 Rfd8 21. Be3
Nd5 22. Bg1 Qe7 23. Rab1 Rac8 24. Rb3 Nxf4 25. Kxf4 Qg5+ 26. Kf3 Qxe5 27. Qe4
Qf6+ 28. Kg2 b6 29. Rf1 Qg5 30. Nf3 Qe7 31. Bd4 f6 32. Bxc5 bxc5 33. Rb7 Rd7
34. Rxd7 Qxd7 35. Rd1 1-0

[Event "XV C.to Mondiale Seniores Over 65"]
[Site "Acqui Terme ITA"]
[Date "2015.11.13"]
[Round "4"]
[White "Balashov, Yuri S"]
[Black "Leskovar, Mario"]
[WhiteElo "2418"]
[BlackElo "2298"]
[Result "1/2-1/2"]
[PlyCount "70"]
[EventDate "2015.11.10"]

1. Nf3 g6 2. e4 Bg7 3. d4 d6 4. Be2 Nf6 5. Nc3 c6 6. O-O O-O 7. a4 a5 8. Bf4
Na6 9. Qd2 Nb4 10. Rad1 Bg4 11. h3 Bxf3 12. Bxf3 e6 13. Bg5 e5 14. Ne2 Qc7 15.
c3 Na6 16. Rfe1 Rfe8 17. Nc1 Qb6 18. Qc2 exd4 19. cxd4 Nb4 20. Qb3 d5 21. e5
Nd7 22. Bg4 Nf8 23. Be3 f5 24. Be2 Ne6 25. f4 Qd8 26. Rf1 Qh4 27. Kh2 Rf8 28.
Nd3 Nxd3 29. Qxd3 Bh6 30. g3 Qe7 31. Bd2 Qc7 32. h4 Rf7 33. Be3 Raf8 34. Rf2
Qb6 35. Qc3 Re8 1/2-1/2

[Event "XV C.to Mondiale Seniores Over 65"]
[Site "Acqui Terme ITA"]
[Date "2015.11.13"]
[Round "4"]
[White "Birnboim, Nathan"]
[Black "Okhotnik, Vladimir"]
[WhiteElo "2360"]
[BlackElo "2442"]
[Result "0-1"]
[PlyCount "74"]
[EventDate "2015.11.10"]

1. e4 c6 2. d3 d5 3. Nd2 e5 4. Ngf3 Bd6 5. d4 exd4 6. Bd3 Ne7 7. exd5 O-O 8.
dxc6 Nbxc6 9. O-O Ng6 10. Nb3 Bg4 11. h3 Bxf3 12. Qxf3 Nge5 13. Qd1 Qf6 14. Be4
Rad8 15. f4 Nd7 16. Qf3 Nb6 17. Bd2 h6 18. Rad1 Nc4 19. Bc1 Ne3 20. Bxe3 dxe3
21. Qxe3 Bxf4 22. Qf3 Ne5 23. Qc3 Rxd1 24. Rxd1 b6 25. Rf1 Qg5 26. Kh1 Rd8 27.
Qe1 g6 28. Qf2 Bg3 29. Qe2 Kg7 30. c3 Bf4 31. Qf2 Be3 32. Qe2 f5 33. Bf3 f4 34.
Rd1 Rxd1+ 35. Qxd1 Qg3 36. Nd4 Nd3 37. Qc2 Qe1+ 0-1

[Event "XV C.to Mondiale Seniores Over 65"]
[Site "Acqui Terme ITA"]
[Date "2015.11.13"]
[Round "4"]
[White "Boehnisch, Manfred"]
[Black "Bogdanov, Valentin"]
[WhiteElo "2291"]
[BlackElo "2374"]
[Result "1/2-1/2"]
[PlyCount "41"]
[EventDate "2015.11.10"]

1. e4 c5 2. Nf3 Nc6 3. Bb5 g6 4. O-O Bg7 5. Nc3 Nd4 6. Bc4 e6 7. Nxd4 cxd4 8.
Ne2 Ne7 9. d3 d5 10. Bb3 O-O 11. Bg5 dxe4 12. dxe4 h6 13. Bh4 g5 14. Bg3 Qb6
15. c3 dxc3 16. Nxc3 Ng6 17. Qd6 Bxc3 18. Qxb6 axb6 19. bxc3 Bd7 20. f3 b5 21.
Rfd1 1/2-1/2

[Event "XV C.to Mondiale Seniores Over 65"]
[Site "Acqui Terme ITA"]
[Date "2015.11.13"]
[Round "4"]
[White "Gal, Moshe"]
[Black "Gutkin, Boris"]
[WhiteElo "2124"]
[BlackElo "2311"]
[Result "1/2-1/2"]
[PlyCount "77"]
[EventDate "2015.11.10"]

1. d4 Nf6 2. Nf3 g6 3. Bf4 Bg7 4. e3 d6 5. Be2 O-O 6. O-O Nc6 7. h3 Qe8 8. Bh2
a6 9. c4 e5 10. Nc3 Bf5 11. Re1 exd4 12. exd4 Qd8 13. Bd3 Bxd3 14. Qxd3 Qd7 15.
Re2 Rfe8 16. Rae1 Rxe2 17. Rxe2 Re8 18. d5 Nb8 19. b4 Rxe2 20. Nxe2 Qe7 21. Bf4
Nbd7 22. Be3 Qe4 23. Qb3 Qe7 24. Qc2 Ne4 25. Bd4 Ng5 26. Nxg5 Bxd4 27. Nxd4
Qe1+ 28. Kh2 Qe5+ 29. g3 Qxd4 30. Nf3 Qf6 31. Kg2 Kg7 32. Qe2 Kf8 33. Qe3 Nb6
34. h4 Kg7 35. Qb3 Qf5 36. Qc3+ Qf6 37. Qb3 Qf5 38. Qc3+ Qf6 39. Qb3 1/2-1/2

[Event "XV C.to Mondiale Seniores Over 65"]
[Site "Acqui Terme ITA"]
[Date "2015.11.13"]
[Round "4"]
[White "Gruzmann, Boris"]
[Black "Karasev, Vladimir I"]
[WhiteElo "2250"]
[BlackElo "2344"]
[Result "0-1"]
[PlyCount "112"]
[EventDate "2015.11.10"]

1. e4 c5 2. Nf3 e6 3. d4 cxd4 4. Nxd4 Qb6 5. Nb3 Qc7 6. Nc3 a6 7. f4 d6 8. a4
b6 9. Bd3 Bb7 10. O-O Nd7 11. Qe2 Ngf6 12. Nd4 Be7 13. g4 g6 14. g5 Nh5 15. Nf3
d5 16. e5 Bc5+ 17. Kg2 Ng7 18. Rb1 Nf5 19. Bd2 h6 20. h4 hxg5 21. hxg5 Nd4 22.
Nxd4 Bxd4 23. Rh1 Rxh1 24. Rxh1 Bxc3 25. bxc3 d4+ 26. Be4 Nc5 27. Bxb7 Qxb7+
28. Qf3 O-O-O 29. Qxb7+ Kxb7 30. Rh7 dxc3 31. Rxf7+ Rd7 32. Rxd7+ Nxd7 33. Bxc3
Nc5 34. a5 bxa5 35. Bxa5 Kc6 36. Kf3 Kb5 37. Bc3 Kc4 38. Ba5 Kb5 39. Bc3 a5 40.
Ke3 a4 41. Kd4 a3 42. Ba1 Na4 43. Kd3 Nb6 44. Bd4 a2 45. Ba1 Kc5 46. Bd4+ Kd5
47. Ba1 Na4 48. Bd4 Nc5+ 49. Ke3 Kc4 50. Ba1 Na4 51. Ke4 Nc3+ 52. Ke3 Nd5+ 53.
Ke4 Nb4 54. f5 exf5+ 55. Kf4 Kd5 56. c4+ Ke6 0-1

[Event "XV C.to Mondiale Seniores Over 65"]
[Site "Acqui Terme ITA"]
[Date "2015.11.13"]
[Round "4"]
[White "Harandi, Khosro"]
[Black "Shvedchikov, Anatoli I"]
[WhiteElo "2366"]
[BlackElo "2310"]
[Result "1/2-1/2"]
[PlyCount "52"]
[EventDate "2015.11.10"]

1. e4 c5 2. Nc3 Nc6 3. g3 g6 4. Bg2 Bg7 5. d3 d6 6. Be3 e6 7. Qd2 Nd4 8. Nd1
Rb8 9. c3 Nc6 10. Ne2 b6 11. O-O Nge7 12. Rc1 Ba6 13. c4 d5 14. exd5 exd5 15.
cxd5 Nxd5 16. Bg5 Qd7 17. Nec3 Nde7 18. Ne3 O-O 19. Ned5 Nxd5 20. Nxd5 f6 21.
Bf4 Rbc8 22. Rfe1 g5 23. Be3 Kh8 24. d4 cxd4 25. Bxd4 Nxd4 26. Qxd4 Rxc1
1/2-1/2

[Event "XV C.to Mondiale Seniores Over 65"]
[Site "Acqui Terme ITA"]
[Date "2015.11.13"]
[Round "4"]
[White "Kupreichik, Viktor D"]
[Black "Vaisser, Anatoly"]
[WhiteElo "2369"]
[BlackElo "2505"]
[Result "1/2-1/2"]
[PlyCount "75"]
[EventDate "2015.11.10"]

1. e4 e6 2. d4 d5 3. e5 c5 4. c3 Qb6 5. Bd3 cxd4 6. cxd4 Nc6 7. Ne2 Nb4 8. Nbc3
Nxd3+ 9. Qxd3 Bd7 10. O-O Ne7 11. f4 h5 12. Be3 Nf5 13. Bf2 Be7 14. Rac1 Bc6
15. Rc2 g6 16. Rb1 a5 17. Nc1 Qa6 18. Qd2 b5 19. Nd3 b4 20. Nd1 Bb5 21. Nc5
Bxc5 22. Rxc5 Kd7 23. a3 b3 24. Rbc1 Rhc8 25. Ne3 Nxe3 26. Qxe3 Bc4 27. Rxc8
Rxc8 28. Be1 Bd3 29. Rxc8 Kxc8 30. Qd2 Qc4 31. Qxa5 Qxd4+ 32. Bf2 Qxf4 33. Qc5+
Kb7 34. Qb6+ Kc8 35. Qc6+ Kb8 36. Qb6+ Kc8 37. Qc6+ Kb8 38. Qb6+ 1/2-1/2

[Event "XV C.to Mondiale Seniores Over 65"]
[Site "Acqui Terme ITA"]
[Date "2015.11.13"]
[Round "4"]
[White "Maryasin, Boris"]
[Black "Titz, Heimo"]
[WhiteElo "2335"]
[BlackElo "2162"]
[Result "1/2-1/2"]
[PlyCount "88"]
[EventDate "2015.11.10"]

1. e4 c5 2. Nf3 e6 3. b3 Nf6 4. e5 Nd5 5. Bb2 Nc6 6. g3 Be7 7. c4 Nc7 8. Bg2
O-O 9. O-O d5 10. exd6 Bxd6 11. Nc3 e5 12. Re1 Ne6 13. Nb5 Ned4 14. Nfxd4 exd4
15. Nxd6 Qxd6 16. Qh5 Bd7 17. Ba3 b6 18. Qd5 Qc7 19. Re4 Rae8 20. Rae1 Rxe4 21.
Rxe4 Re8 22. b4 cxb4 23. Bb2 Rxe4 24. Bxe4 Be8 25. Bxd4 Nxd4 26. Qxd4 a5 27. d3
h6 28. Qd5 Qc5 29. Qd8 Kf8 30. Bd5 a4 31. d4 Qe7 32. Qxb6 g6 33. Qb8 Kg7 34. c5
Qe1+ 35. Kg2 Bd7 36. Qb7 Be6 37. Bxe6 Qxe6 38. Qxb4 Qd5+ 39. Kg1 Qxa2 40. c6 a3
41. c7 Qb2 42. Qb8 Qc1+ 43. Kg2 Qc6+ 44. d5 Qxd5+ 1/2-1/2

[Event "XV C.to Mondiale Seniores Over 65"]
[Site "Acqui Terme ITA"]
[Date "2015.11.13"]
[Round "4"]
[White "Pushkov, Nikolai"]
[Black "Vasiukov, Evgeni"]
[WhiteElo "2317"]
[BlackElo "2392"]
[Result "1/2-1/2"]
[PlyCount "24"]
[EventDate "2015.11.10"]

1. d4 d5 2. c4 c6 3. cxd5 cxd5 4. Nc3 Nf6 5. Bf4 Nc6 6. e3 Bf5 7. Bd3 Bxd3 8.
Qxd3 e6 9. Nf3 Bd6 10. Bxd6 Qxd6 11. O-O O-O 12. Rfc1 Rfc8 1/2-1/2

[Event "XV C.to Mondiale Seniores Over 65"]
[Site "Acqui Terme ITA"]
[Date "2015.11.13"]
[Round "4"]
[White "Sprotte, Norbert"]
[Black "Van Riemsdijk, Herman C"]
[WhiteElo "2202"]
[BlackElo "2318"]
[Result "0-1"]
[PlyCount "56"]
[EventDate "2015.11.10"]

1. d4 Nf6 2. Nf3 e6 3. e3 c5 4. Bd3 b6 5. O-O Bb7 6. Nbd2 Nc6 7. c4 cxd4 8.
exd4 d5 9. cxd5 Nxd5 10. Ne5 Nxe5 11. dxe5 a6 12. Nc4 b5 13. Nd6+ Bxd6 14. exd6
Qxd6 15. a4 b4 16. Re1 O-O 17. Bg5 Rac8 18. Re3 f5 19. Rg3 Nf4 20. Bf1 Qxd1 21.
Rxd1 Ng6 22. Be7 Nxe7 23. Rd7 Bd5 24. Rxe7 Rf7 25. Rxf7 Kxf7 26. f4 a5 27. Re3
Rc2 28. Re2 Rc1 0-1

[Event "XV C.to Mondiale Seniores Over 65"]
[Site "Acqui Terme ITA"]
[Date "2015.11.13"]
[Round "4"]
[White "Werner, Clemens"]
[Black "Lederman, Leon"]
[WhiteElo "2329"]
[BlackElo "2260"]
[Result "1/2-1/2"]
[PlyCount "41"]
[EventDate "2015.11.10"]

1. e4 c5 2. c3 d5 3. exd5 Qxd5 4. d4 Nc6 5. Nf3 Bf5 6. Be3 cxd4 7. Nxd4 Nxd4 8.
Qxd4 Qxd4 9. Bxd4 Nf6 10. Nd2 Nd7 11. f4 e6 12. Bb5 a6 13. Bxd7+ Kxd7 14. Nc4
Ke8 15. Rd1 f6 16. Bb6 Rc8 17. Nd6+ Bxd6 18. Rxd6 Ke7 19. Rd4 Rc6 20. Ba5 e5
21. fxe5 1/2-1/2

[Event "XV C.to Mondiale Seniores Over 65"]
[Site "Acqui Terme ITA"]
[Date "2015.11.13"]
[Round "4"]
[White "Zhelnin, Vladimir V"]
[Black "Pritchett, Craig W"]
[WhiteElo "2469"]
[BlackElo "2334"]
[Result "0-1"]
[PlyCount "98"]
[EventDate "2015.11.10"]

1. e4 c5 2. Nf3 e6 3. d4 cxd4 4. Nxd4 Nf6 5. Bd3 Nc6 6. Nxc6 bxc6 7. O-O e5 8.
Nd2 Be7 9. Nc4 d6 10. f4 O-O 11. fxe5 dxe5 12. Kh1 Qc7 13. Qe2 Bg4 14. Qe1 Be6
15. Bg5 Rfe8 16. Qh4 Ng4 17. h3 Bxg5 18. Qxg5 f6 19. Qd2 Nh6 20. Qc3 Red8 21.
b4 Qd7 22. Na5 Bxh3 23. Nxc6 Rdc8 24. Bc4+ Be6 25. b5 Kh8 26. a4 Bxc4 27. Qxc4
Qg4 28. Rf3 Qg5 29. Kg1 Ng4 30. Qc5 Qg6 31. Re1 Qh6 32. Rh3 Qd2 33. Rf1 Qe2 34.
Rg3 Qxe4 35. Qc3 Qxa4 36. Qd3 Rf8 37. c4 Nh6 38. Qc3 Qa2 39. Re3 Ng4 40. Ne7
Nxe3 41. Qxe3 Qxc4 42. Nf5 Qxb5 43. Qe4 Rad8 44. Rf3 Rd1+ 45. Kh2 Qb1 46. Qg4
Rh1+ 47. Kg3 Qe1+ 48. Rf2 g6 49. Ne7 Rf1 0-1

[Event "XV C.to Mondiale Seniores Over 65"]
[Site "Acqui Terme ITA"]
[Date "2015.11.14"]
[Round "5"]
[White "Aparicio, Anibal"]
[Black "Harandi, Khosro"]
[WhiteElo "2221"]
[BlackElo "2366"]
[Result "1-0"]
[PlyCount "97"]
[EventDate "2015.11.10"]

1. e4 e5 2. Nf3 Nc6 3. Bb5 a6 4. Bxc6 dxc6 5. O-O f6 6. d4 Bg4 7. dxe5 Qxd1 8.
Rxd1 fxe5 9. Nbd2 O-O-O 10. Re1 Bd6 11. h3 Bh5 12. g4 Bg6 13. Nh4 Bf7 14. Ndf3
h6 15. Bd2 g6 16. Bc3 Re8 17. b3 Nf6 18. Nd2 Nd7 19. a4 b6 20. Ng2 Rhg8 21.
Rad1 b5 22. Ne3 Nc5 23. axb5 axb5 24. Ng2 Be6 25. Nf3 Bd7 26. Ra1 Kb7 27. Re3
Rgf8 28. Nfe1 Ne6 29. Nd3 Ng5 30. Nge1 c5 31. h4 Nh7 32. Nf3 Bxg4 33. Nfxe5 Bc8
34. Nxg6 Rg8 35. h5 Nf8 36. Kh1 Nxg6 37. hxg6 Rxg6 38. e5 Be7 39. Rg1 Reg8 40.
Rxg6 Rxg6 41. Rf3 Kc6 42. Kh2 Rg4 43. Rf7 Rh4+ 44. Kg3 c4 45. Rxe7 Rh3+ 46. Kf4
cxd3 47. Ba5 Bd7 48. cxd3 Rxd3 49. e6 1-0